| 000 | 00398nam a22001577a 4500 | ||
|---|---|---|---|
| 005 | 20251108170708.0 | ||
| 008 | 250721s1996 xx 000 0 eng d | ||
| 082 | 1 | 4 | _a818/gib |
| 100 | 1 | _agibran, kahlil gibran | |
| 245 | 1 | 0 | _asecrets of the heart / |
| 264 | 1 |
_anew delhi : _bu b s publishers, _c1996. |
|
| 300 | _a74 p. | ||
| 650 | 1 | 7 | _aarabic literature |
| 942 |
_2ddc _cBK |
||
| 999 |
_c46820 _d46820 |
||